000
00176nam a2200097Ia 4500
100
_a
#N/A
942
_c
BK
245
_a
Linux for You
260
_b
#N/A
_c
2003
546
_a
ENGLISH
999
_c
32592
_d
32592